Quizzes
Events
Quiz Creation
Community
Videos
Private Events
Remove Ads
Sign In
Join for FREE
Feedback
Dark Mode
Quiz Categories
Sports
Geography
Music
Movies
Television
Just For Fun
Miscellaneous
History
Literature
Language
Science
Gaming
Entertainment
Religion
Holiday
For Kids
Quiz Lab
Recent
Popular Today
Quiz Kudos Today
Editor Picks
Curator Picks
Quizzes by...
Day
Popularity
Type
Ratings
Length
Year
Community
Subscriptions
Recent Discussions
Orange Saloon
Badges
Playlists
Quests
Create
Leaderboards
Showdown
Live 5
Trivia Bingo
Activity
Puzzle Library
Sporcle Events
Private Events
Virtual Trivia
Globe League
Become a Host
Pub Owners
SporcleCon
Opinionation
Our Games
Videos
Blog
Mobile Apps
Partnerships
Remove Ads and Go Orange
Feedback
Gaming
Video Games
Board Games
Card Games
Pokémon
Mario
Nintendo
Minecraft
Console
Toys
Legend of Zelda
Gaming
Video Games
Board Games
Card Games
Pokémon
Mario
Nintendo
Minecraft
Console
Toys
Legend of Zelda
Random Quiz
Search Sporcle
×
Quiz Lab
Quiz Lab
Gaming
Nintendo
Type in answers that appear in a list
Type in answers that appear in a list
Classic
Best Score? Go Orange.
Pokémon - Ground Types Stats
Can you name the Pokémon - Ground Types?
By
CallmeAl4567
14m
77 Questions
117 Plays
117 Plays
117 Plays
Comments
Comments
Give Quiz Kudos
Give Quiz Kudos
-
- Ratings
hide this ad
Replay
Link that replays current quiz
Next Quiz
Link to next quiz in quiz playlist
You Got
0%
They Got
Avg Score
79%
Avg Friend Score
Upgrade to see
Score Distribution
Jump to the score distribution portion of the page
Score
0/77
Timer
14:00
0
Plays Today
Pokémon
% Correct
Sandshrew
100%
Sandslash
100%
Diglett
100%
Dugtrio
100%
Geodude
100%
Graveler
100%
Golem
100%
Alolan Dugtrio
100%
Alolan Diglett
100%
Mega Swampert
100%
Mega Camerupt
100%
Mega Garchomp
100%
Nidoqueen
98.3%
Nidoking
98.3%
Onix
98.3%
Rhyhorn
98.3%
Rhydon
98.3%
Camerupt
98.3%
Numel
97.4%
Primal Groudon
96.9%
Wooper
96.6%
Quagsire
96.6%
Gligar
96.6%
Vibrava
96.6%
Trapinch
96.6%
Flygon
96.6%
Steelix
95.7%
Rhyperior
95.7%
Sandile
95.7%
Krookodile
95.7%
Swinub
94.9%
Piloswine
94.9%
Baltoy
94.9%
Torterra
94.9%
Gliscor
94.9%
Krokorok
94.9%
Swampert
94%
Whiscash
94%
Claydol
94%
Pokémon
% Correct
Gible
94%
Gabite
94%
Garchomp
94%
Cubone
93.2%
Marowak
93.2%
Marshtomp
93.2%
Barboach
93.2%
Groudon
93.2%
Mamoswine
93.2%
Nincada
92.3%
Stunfisk
91.5%
Mega Steelix
90.6%
Hippowdon
90.6%
Hippopotas
89.7%
Drilbur
89.7%
Excadrill
89.7%
Landorus
89.7%
Diggersby
89.7%
Diggersby
88.7%
Zygarde
87.7%
Seismitoad
87.2%
Gastrodon
86.3%
Palpitoad
86.3%
Golurk
85.5%
Phanpy
84.6%
Donphan
84.6%
Pupitar
84.6%
Golett
84.6%
Sandygast
84.6%
Palossand
84.6%
Galarian Stunfisk
84.4%
Larvitar
83.8%
Wormadam (Sandy Cloak)
82.1%
Runerigus
78.1%
Galarian Yamask
78.1%
Sandaconda
75%
Mudbray
74.4%
Silicobra
68.8%
Quiz Playlist
Details
Report
Send in Message
Add To Playlist
Classic:
Type in answers that appear in a list
Quiz Source
Last Updated: Apr 21, 2021
Quiz Scoreboard
CHALLENGE
Sign Up to Join the Scoreboard
Show All
Scores
Hide
Comments
May contain spoilers
Recently Published
Presidents Visiting Landmarks
by Hejman
History
7m
An Introduction to Baseball
by treessimontrees
Sports
5m
Movies - When Are They Set?
by FPL_Elf
Movies
5m
More to Explore
Quiz From the Vault
Featured Blog Post
Where Did the Easter Bunny Come From?
hide this ad
You Might Also Like...
Tags
Nintendo Quiz
Pokémon Quiz
ground
Ground Pokémon
Nintendo Games
Today's Top Quizzes in Gaming
Browse Gaming
hide this ad
Today's Top Quizzes in Nintendo
Browse Nintendo
Top Contributed Quizzes in Gaming
1
5-to-1: Consoles
2
7-to-1: Board Game Piece Blitz
3
5-to-1: Legend of Zelda
4
Destiny 2 exotic weapons by perk icons
5
Ultimate Genshin Impact Logic Puzzle (up to 4.3)
6
Franchise by Action Figure
7
Overwatch Logic Puzzle
8
Who's on the WWE 2K24 Cover?
9
Genshin Impact Logic Puzzle Quiz
10
Windmill: Pokémon
Explore More
Trending Topics
Harry Potter
Kpop
Anime
NBA
Marvel
Crossword
Disney
Puzzle
WWE
Song
The Office
Pokémon
NFL
Country
Soccer
hide this ad
More By:
CallmeAl4567
Quiz
Plays
Rating
Category
Featured
Created
Pokémon - Fairy Types
5,410
4.46
Gaming
Nov 15, 2013
Pokemon Gym Leaders, Elite Four Members, and Champions
1,610
5.00
Gaming
Dec 2, 2014
Scott Pilgrim Quotes
1,479
5.00
Movies
May 13, 2012
Zelda Breath of the Wild: Hyrule Compendium - Monsters
1,438
5.00
Gaming
Jul 17, 2017
Zelda Breath of the Wild: Hyrule Compendium - Creatures
1,254
4.50
Gaming
Jul 17, 2017
Go to Creator's Profile
Score Distribution
Quiz Creator Spotlight
CallmeAl4567
Follow
Send a Message
Quizzes Created
-
Created Quiz Play Count
-
More By This Creator
Popular Quizzes Today
1
Find the US States - No Outlines Minefield
2
Find the Countries of Europe - No Outlines Minefield
3
The Countries of the World
4
Find the US States
5
Popular People in 1961
6
US States
7
Risky Map Clicking: Biggest States A-Z
8
Movies - When Are They Set?
More Gaming Quizzes
3 Clues: Pokémon (Generation IV)
Quiz Lab
Trending Quizzes
Risky Map Clicking: Least Populous States A-Z
1-10 Letter G Words
1-10 Letter F Words
Risky Map Clicking: Next State Alphabetically
Risky Map Clicking: Biggest States A-Z
Recently Updated
Leaping Animals
pecheneg
Reality TV Shows (A-Z)
bhenderson79
Rickey Henderson's Hall of Fame Teammates
pecheneg
Champions League XIs: Arsenal
pecheneg
Quick Pick: Celebrities in WWE's Hall of Fame
aduchscher
A-Z Keypad Blitz II
pecheneg
Multiple Oscar Actors
pecheneg
Mystery Phrase Blitz: Oscar 'Best Actors'
pecheneg
F. Scott Fitzgerald Novels
LTH
Pick 3 Villains
ddd62291
Trending Topics
Crossword
NBA
Kpop
Disney
Marvel
Anime
Harry Potter
NFL
Pokémon
Soccer
Puzzle
Song
Country
WWE
The Office
Your Account Isn't Verified!
In order to create a playlist on Sporcle, you need to verify the email address you used during registration. Go to your
Sporcle Settings
to finish the process.
Report this User
Report this user for behavior that violates our
Community Guidelines
.
Details:
Send Report
Go to the Sporcle.com Mobile Site →
Comments